| 000 | 00792pam a2200241 a 4500 | ||
|---|---|---|---|
| 001 | 633540 | ||
| 005 | 20180820044238.0 | ||
| 008 | 930609s1993 caua b 001 0 eng c | ||
| 010 | _a 93009068 | ||
| 020 | _a1560550732 | ||
| 040 |
_aDNLM/DLC _cDLC _dDLC |
||
| 041 | _aeng | ||
| 060 | 0 | 0 | _aWW 140 T843p 1993 |
| 080 | _a617.7 | ||
| 082 | 0 | 0 |
_a617.7 _220 |
| 100 | 1 | _a49 | |
| 101 | _aPSI | ||
| 245 | 1 | 4 |
_aThe physician's guiide to eye care / _cJonathan D. Trobe. |
| 504 | _aIncludes bibliographical references (p. 173-174), filmography (p. 175), and index. | ||
| 906 |
_a7 _bcbc _corignew _d1 _eocip _f19 _gy-gencatlg |
||
| 942 |
_2ddc _cBK |
||
| 999 |
_c47223 _d47223 |
||